000 00884nam a2200169 a 4500
008 200623s2015 ||||||||||||||||| || u
020 _a9781118674406
050 _aHV 6556 Wil
100 _aWilcox, Daniel T
245 1 0 _aSex offender treatment : a case study approach to issues and interventions
_cEdited by Daniel T. Wilcox, Tanya Garrett and Leigh Harkins
260 _aWest Sussex
_bJohn Wiley & Sons Ltd
_c2015
300 _axxiii, 399 pages : illustrations
650 _aPSYCHOSEXUAL DISORDERS--TREATMENT
650 _aSEX OFFENDERS--PSYCHOLOGY
995 _aMAIN LIBRARY OPEN ACCESS
_D56.77
_e750332
_FCBU-MAIN LIBRARY (Kitwe)
_jHV 6556 Wil
_M1
_UAVAILABLE
_WJul 1, 2020
_y750332
_ZMain Library Open Access Collection
995 _aMAIN LIBRARY OPEN ACCESS
_D56.77
_e750179
_FCBU-MAIN LIBRARY (Kitwe)
_jHV 6556 Wil
_M2
_UAVAILABLE
_WAug 26, 2020
_y750179
_ZMain Library Open Access Collection
999 _c80435
_d80435